[Event "GER-ch 66th"]
[Site "Binz"]
[Date "1994.??.??"]
[Round "5"]
[White "Stoeber, Michael"]
[Black "Menacher, Manfred"]
[Result "1-0"]
[WhiteElo "2255"]
[BlackElo "2320"]
[EventDate "1994.11.??"]
[PlyCount "109"]

1. Nf3 c5 2. e4 Nc6 3. g3 g6 4. Bg2 Bg7 5. O-O d6 6. Re1 Bg4 7. d3 Qd7 8. c3 e5 9. Nbd2 Nge7 10. Nc4 O-O 11. a4 Rad8 12. Ne3 Bh3 13. Nd5 b6 14. Qb3 Bxg2 15. Kxg2 h6 16. Qb5 Nxd5 17. exd5 Ne7 18. Qxd7 Rxd7 19. c4 a5 20. Ra3 Nc8 21. Bd2 Kh7 22. Rb3 Bf6 23. h4 Bd8 24. Nh2 f5 25. Rc3 Re8 26. Rcc1 Ne7 27. f4 Bc7 28. Nf3 Ng8 29. Bc3 Rde7 30. Re2 Nf6 31. Rce1 Ng4 32. Nh2 Nf6 33. Nf3 Nd7 34. h5 gxh5 35. Rh1 e4 36. dxe4 Rxe4 37. Rxe4 fxe4 38. Nh4 Nf8 39. Nf5 Kg6 40. Rxh5 e3 41. g4 e2 42. Rxh6+ Kf7 43. Rf6+ Kg8 44. Kf2 Bd8 45. Rxd6 Bc7 46. Rc6 Bxf4 47. Rxb6 Be5 48. Bxe5 Rxe5 49. Ke1 Re4 50. b3 Nd7 51. Re6 Ne5 52. Rxe5 Rxe5 53. d6 Re8 54. Ne7+ Kf7 55. d7 1-0

[Event "GER-ch 66th"]
[Site "Binz"]
[Date "1994.??.??"]
[Round "6"]
[White "Kersten, Uwe"]
[Black "Stoeber, Michael"]
[Result "1/2-1/2"]
[WhiteElo "2345"]
[BlackElo "2255"]
[EventDate "1994.11.??"]
[PlyCount "75"]

1. e4 e6 2. d4 d5 3. e5 c5 4. c3 Nc6 5. Nf3 Qb6 6. a3 Nh6 7. b4 cxd4 8. cxd4 Nf5 9. Be3 Bd7 10. Be2 Be7 11. O-O Rc8 12. g4 Nxe3 13. fxe3 f6 14. exf6 gxf6 15. Kh1 O-O 16. Qe1 Rf7 17. Nbd2 e5 18. Nb3 Bxg4 19. Rg1 Rg7 20. Nh4 Be6 21. Rxg7+ Kxg7 22. Qf2 Qc7 23. Rg1+ Kh8 24. Bg4 Bxg4 25. Rxg4 Rg8 26. Rxg8+ Kxg8 27. Qg2+ Kh8 28. Nf5 Bf8 29. Qxd5 exd4 30. exd4 Qf4 31. Ng3 Qg4 32. Kg2 Qg6 33. Qe6 Qg8 34. Qxg8+ Kxg8 35. Kf3 Bd6 36. Nf1 a5 37. bxa5 Bxa3 38. Ne3 1/2-1/2

[Event "GER-ch 66th"]
[Site "Binz"]
[Date "1994.??.??"]
[Round "6"]
[White "Krajina, Davor"]
[Black "Bischoff, Klaus"]
[Result "0-1"]
[WhiteElo "2270"]
[BlackElo "2525"]
[EventDate "1994.11.??"]
[PlyCount "76"]

1. e4 c5 2. Nf3 e6 3. d4 cxd4 4. Nxd4 Nc6 5. Bf4 d6 6. Nb5 e5 7. Be3 Nf6 8. Bg5 Be6 9. c4 a6 10. N5c3 Be7 11. Bxf6 Bxf6 12. Nd5 Bg5 13. Nbc3 O-O 14. Bd3 g6 15. Qb3 Rb8 16. Qb6 Qd7 17. h4 Bd8 18. Qe3 f5 19. exf5 gxf5 20. f4 b5 21. O-O-O b4 22. Ne2 b3 23. axb3 Rxb3 24. Nec3 Qb7 25. Rd2 e4 26. Rh3 Bxd5 27. cxd5 Nb4 28. Bc4 Na2+ 29. Kd1 Nxc3+ 30. bxc3 Rb1+ 31. Ke2 Bb6 32. Qg3+ Kh8 33. Ba2 Rc1 34. Rd1 Rc2+ 35. Rd2 Rxd2+ 36. Kxd2 Rg8 37. Qh2 Bg1 38. Qxg1 Rxg2+ 0-1

[Event "GER-ch 66th"]
[Site "Binz"]
[Date "1994.??.??"]
[Round "6"]
[White "Lau, Ralf"]
[Black "Lagunow, Alexander"]
[Result "0-1"]
[WhiteElo "2515"]
[BlackElo "2405"]
[EventDate "1994.11.??"]
[PlyCount "64"]

1. e4 c5 2. Nc3 Nc6 3. f4 g6 4. Nf3 Bg7 5. Bb5 Nd4 6. Bc4 e6 7. e5 d6 8. O-O Nxf3+ 9. Qxf3 d5 10. Bd3 Ne7 11. b3 Bd7 12. a4 O-O 13. Ba3 b6 14. Rae1 Nc6 15. Qh3 f6 16. exf6 Rxf6 17. g4 Rf7 18. f5 exf5 19. Nxd5 fxg4 20. Qg2 Rxf1+ 21. Rxf1 Ne5 22. Be4 Nf3+ 23. Kh1 Rc8 24. Bxf3 gxf3 25. Qxf3 Bc6 26. c4 Qd7 27. Re1 Kh8 28. b4 Rf8 29. Qd3 Bd4 30. bxc5 Bxd5+ 31. Re4 Rf1+ 32. Kg2 Rg1+ 0-1

[Event "GER-ch 66th"]
[Site "Binz"]
[Date "1994.??.??"]
[Round "6"]
[White "Machelett, Heiko"]
[Black "Mainka, Romuald"]
[Result "0-1"]
[WhiteElo "2240"]
[BlackElo "2485"]
[EventDate "1994.11.??"]
[PlyCount "84"]

1. d4 f5 2. Nf3 Nf6 3. g3 g6 4. Bg2 Bg7 5. O-O O-O 6. Nbd2 d6 7. c3 Nc6 8. Qb3+ e6 9. Re1 d5 10. c4 Ne4 11. e3 Kh8 12. Rd1 g5 13. Ne5 a5 14. Ndf3 g4 15. Nxc6 bxc6 16. Ne5 Bxe5 17. dxe5 Ba6 18. Qc2 Bxc4 19. b3 Bb5 20. a4 Ba6 21. Ba3 Re8 22. Qxc6 Be2 23. Rdc1 Rc8 24. Ra2 Bf3 25. h4 d4 26. exd4 Qxd4 27. Qc4 Qd7 28. Qc6 Qd4 29. Qc4 Qd8 30. Qc6 Bxg2 31. Kxg2 Qd3 32. Qc4 Qf3+ 33. Kg1 c5 34. Re2 Rcd8 35. Qc2 Rd3 36. Rce1 Red8 37. Bc1 Rc3 38. Qa2 Rxc1 39. Rxc1 Nc3 40. Rd2 Rxd2 41. Qxd2 Ne2+ 42. Kf1 Nxg3+ 0-1

[Event "GER-ch 66th"]
[Site "Binz"]
[Date "1994.??.??"]
[Round "6"]
[White "Menacher, Manfred"]
[Black "Dittmar, Peter"]
[Result "0-1"]
[WhiteElo "2320"]
[BlackElo "2285"]
[EventDate "1994.11.??"]
[PlyCount "80"]

1. e4 e6 2. d4 d5 3. Nc3 Bb4 4. exd5 exd5 5. Bd3 Nc6 6. a3 Bxc3+ 7. bxc3 Qf6 8. Rb1 Nge7 9. Qf3 Qxf3 10. Nxf3 Na5 11. Bf4 c6 12. O-O Be6 13. Rfe1 Ng6 14. Bg3 Kd7 15. Ng5 Nf8 16. f4 f6 17. Nxe6 Nxe6 18. f5 Ng5 19. h4 Nf7 20. Re6 Rae8 21. Rbe1 Nd8 22. Rxe8 Rxe8 23. Rxe8 Kxe8 24. Bb8 a6 25. Kf2 Kd7 26. Kf3 Nf7 27. Bf4 b5 28. g4 h6 29. Bc1 Nd6 30. g5 hxg5 31. hxg5 fxg5 32. Kg4 Ke7 33. Kxg5 Kf7 34. Bf4 Nac4 35. Be5 Ne4+ 36. Bxe4 dxe4 37. Kf4 e3 38. Kf3 Nxa3 39. Kxe3 Nc4+ 40. Ke4 a5 0-1

[Event "GER-ch 66th"]
[Site "Binz"]
[Date "1994.??.??"]
[Round "6"]
[White "Proehl, Holger"]
[Black "Gerstner, Wolfgang"]
[Result "1-0"]
[WhiteElo "2285"]
[BlackElo "2380"]
[EventDate "1994.11.??"]
[PlyCount "77"]

1. e4 c5 2. Nf3 e6 3. d4 cxd4 4. Nxd4 Nf6 5. Nc3 d6 6. Be2 a6 7. a4 Nbd7 8. Nb3 b6 9. f4 Bb7 10. Bf3 Qc7 11. O-O Be7 12. Kh1 O-O 13. Qe1 Rfe8 14. Be3 Bf8 15. Qf2 Nc5 16. Nxc5 bxc5 17. Rad1 Bc6 18. Bc1 Rab8 19. e5 Bxf3 20. Qxf3 Nd7 21. exd6 Qb7 22. Ne4 g6 23. Qd3 Qc6 24. b3 Rb4 25. Rfe1 Rc8 26. Bb2 Bg7 27. Bxg7 Kxg7 28. Qc3+ Kg8 29. Nf6+ Nxf6 30. Qxf6 Rb7 31. f5 Re8 32. fxe6 fxe6 33. Rxe6 Rf8 34. Qg5 Rbf7 35. h3 Rf5 36. Qd2 c4 37. Re2 cxb3 38. cxb3 Qb6 39. d7 1-0

[Event "GER-ch 66th"]
[Site "Binz"]
[Date "1994.??.??"]
[Round "6"]
[White "Reis, Gerhard"]
[Black "Movsziszian, Karen"]
[Result "0-1"]
[WhiteElo "2245"]
[BlackElo "2525"]
[EventDate "1994.11.??"]
[PlyCount "82"]

1. d4 Nf6 2. g3 g6 3. Bg2 Bg7 4. e4 d6 5. Nc3 O-O 6. h3 Nc6 7. Nge2 e5 8. Be3 exd4 9. Nxd4 Bd7 10. O-O Re8 11. Re1 a6 12. a4 Rb8 13. Kh2 Na5 14. Qd3 c5 15. Nde2 Bc6 16. Bf4 Qb6 17. Rab1 Rbd8 18. b4 cxb4 19. Be3 Qc7 20. Rxb4 Nd7 21. Nf4 Nc5 22. Qd2 Qd7 23. Nfd5 b5 24. axb5 axb5 25. Bg5 Nc4 26. Qc1 Rb8 27. Nf6+ Bxf6 28. Bxf6 Qe6 29. Bd4 f6 30. Qh6 Ne5 31. Re3 Nf7 32. Qf4 Ne5 33. Nd5 Bxd5 34. exd5 Qf7 35. Qh6 Na6 36. Rb1 Nc7 37. Rbe1 Nxd5 38. Bb2 Nxe3 39. Rxe3 Rbc8 40. Bc3 Rc5 41. Bd4 Rxc2 0-1

[Event "GER-ch 66th"]
[Site "Binz"]
[Date "1994.??.??"]
[Round "6"]
[White "Troyke, Christian"]
[Black "Oswald, Hans Joachim"]
[Result "1/2-1/2"]
[WhiteElo "2355"]
[BlackElo "2335"]
[EventDate "1994.11.??"]
[PlyCount "88"]

1. g3 Nf6 2. Bg2 g6 3. d4 Bg7 4. e4 d6 5. Ne2 O-O 6. O-O e5 7. c4 exd4 8. Nxd4 Re8 9. Nc3 Bd7 10. Re1 a6 11. Bf4 Nc6 12. Nxc6 Bxc6 13. Qc2 Nd7 14. Rad1 a5 15. Be3 Ne5 16. c5 Qf6 17. Qe2 h5 18. cxd6 cxd6 19. Bd4 Qe7 20. h3 Bf8 21. f4 Nd7 22. Qf2 a4 23. Re2 Qd8 24. Kh2 Qc7 25. Red2 Ra5 26. Rc2 Qd8 27. Be3 Qe7 28. Qd2 Nf6 29. Bd4 Raa8 30. Re1 Nd7 31. Qf2 Qd8 32. Rd1 Qe7 33. Rcd2 Rac8 34. Re1 a3 35. b3 Qd8 36. Nb1 Qa5 37. Ba1 Qc5 38. Qxc5 Nxc5 39. e5 Bxg2 40. Kxg2 dxe5 41. fxe5 Red8 42. Rxd8 Rxd8 43. Bc3 Rd3 44. Re2 b5 1/2-1/2

[Event "GER-ch 66th"]
[Site "Binz"]
[Date "1994.??.??"]
[Round "6"]
[White "Von Buelow, Georg"]
[Black "Riegler, Dieter"]
[Result "1/2-1/2"]
[WhiteElo "2355"]
[BlackElo "2220"]
[EventDate "1994.11.??"]
[PlyCount "52"]

1. e4 c5 2. Nf3 d6 3. d4 cxd4 4. Nxd4 Nf6 5. Nc3 a6 6. Bg5 e6 7. f4 Qb6 8. Nb3 Nbd7 9. Qf3 Qc7 10. O-O-O b5 11. e5 Bb7 12. Qg3 dxe5 13. fxe5 Qxe5 14. Bf4 Qf5 15. Be2 Rc8 16. Nd4 Qc5 17. Rhe1 b4 18. Na4 Qa5 19. b3 Be7 20. Bg4 Nc5 21. Nxc5 Rxc5 22. Bxe6 fxe6 23. Rxe6 Nd5 24. Qxg7 Rf8 25. Bd6 Rc7 26. Qxh7 Rf2 1/2-1/2

[Event "GER-ch 66th"]
[Site "Binz"]
[Date "1994.??.??"]
[Round "6"]
[White "Wahls, Matthias"]
[Black "Bangiev, Alexander J"]
[Result "1/2-1/2"]
[WhiteElo "2540"]
[BlackElo "2385"]
[EventDate "1994.11.??"]
[PlyCount "100"]

1. e4 c5 2. Nf3 g6 3. d4 cxd4 4. Nxd4 Bg7 5. Nc3 Nc6 6. Nb3 Nf6 7. Be2 O-O 8. O-O a5 9. a4 Nb4 10. Bf3 d6 11. Bg5 Nd7 12. Rc1 Nb6 13. Nd4 Bd7 14. b3 Rc8 15. Qd2 Bc6 16. Rfe1 Re8 17. Bg4 Nd7 18. Ncb5 Bxb5 19. Nxb5 Rc6 20. c3 Na6 21. Bxd7 Qxd7 22. c4 Nc5 23. Rb1 Ra6 24. Bh6 Bh8 25. Qc2 Rc8 26. Rbd1 Qe6 27. Bc1 Raa8 28. Bb2 Bxb2 29. Qxb2 f6 30. Qc2 Qf7 31. Re3 Ne6 32. Nc3 Kh8 33. Nd5 Rg8 34. h4 Nd8 35. Rg3 Nc6 36. Qc3 Rad8 37. Rf3 Rgf8 38. Qe3 Qe6 39. Nc7 Qc8 40. Nd5 Qe6 41. Rg3 Qf7 42. Qb6 Rd7 43. Rgd3 f5 44. Nc3 Qf6 45. c5 Qxh4 46. cxd6 fxe4 47. Rh3 Qg4 48. Rg3 Qf5 49. dxe7 Rxe7 50. Qe3 Qe6 1/2-1/2

[Event "GER-ch 66th"]
[Site "Binz"]
[Date "1994.??.??"]
[Round "7"]
[White "Alber, Horst"]
[Black "Schumacher, Olaf"]
[Result "0-1"]
[WhiteElo "2290"]
[BlackElo "2285"]
[EventDate "1994.11.??"]
[PlyCount "56"]

1. d4 d5 2. c4 c6 3. Nf3 Nf6 4. cxd5 cxd5 5. Bf4 Nc6 6. e3 a6 7. Nc3 e6 8. Bd3 Be7 9. Ne5 Nxe5 10. Bxe5 O-O 11. Qc2 h6 12. Qe2 Re8 13. Rc1 Bd6 14. f4 b5 15. O-O Nh7 16. Qh5 Ra7 17. Rc2 Rae7 18. Rcf2 f6 19. g4 Bb4 20. g5 fxe5 21. Bxh7+ Kxh7 22. fxe5 Rg8 23. Rf6 Kh8 24. Rg6 Bd7 25. gxh6 gxh6 26. Rff6 Rh7 27. Kh1 Rxg6 28. Rxg6 Be8 0-1

[Event "GER-ch 66th"]
[Site "Binz"]
[Date "1994.??.??"]
[Round "7"]
[White "Bangiev, Alexander J"]
[Black "Schlosser, Philipp"]
[Result "1/2-1/2"]
[WhiteElo "2385"]
[BlackElo "2510"]
[EventDate "1994.11.??"]
[PlyCount "27"]

1. e4 c6 2. Nc3 d5 3. d4 dxe4 4. Nxe4 Nd7 5. Nf3 Ngf6 6. Nxf6+ Nxf6 7. Ne5 Be6 8. Be2 g6 9. O-O Bg7 10. c3 O-O 11. Nd3 Bf5 12. Re1 Re8 13. Bf4 Nd7 14. Bf1 1/2-1/2

[Event "GER-ch 66th"]
[Site "Binz"]
[Date "1994.??.??"]
[Round "7"]
[White "Bischoff, Klaus"]
[Black "Proehl, Holger"]
[Result "1-0"]
[WhiteElo "2525"]
[BlackElo "2285"]
[EventDate "1994.11.??"]
[PlyCount "97"]

1. d4 d5 2. c4 e6 3. Nc3 Nf6 4. Bg5 Be7 5. e3 O-O 6. Rc1 Nbd7 7. Nf3 h6 8. Bh4 Re8 9. Bd3 c6 10. O-O a6 11. a4 dxc4 12. Bxc4 Nd5 13. Bg3 Nxc3 14. bxc3 Qa5 15. Nd2 b5 16. Be2 e5 17. Bf3 Bb7 18. Qc2 Bf8 19. Ra1 Qb6 20. Rfb1 exd4 21. cxd4 Rac8 22. Nc4 Qa7 23. Bg4 Ba8 24. axb5 cxb5 25. Rxb5 Be4 26. Qe2 Rxc4 27. Qxc4 axb5 28. Qxf7+ Kxf7 29. Rxa7 Re7 30. Rxd7 b4 31. Rxe7+ Bxe7 32. Bd1 Ke6 33. f3 Bd5 34. Bc2 Ba2 35. Bd3 Bf6 36. Be1 Be7 37. Bg3 Kd5 38. Be5 Bf8 39. Kf2 Kc6 40. e4 Kb6 41. d5 Kc5 42. Ke3 Kb6 43. Kd2 Bb3 44. h4 Kb7 45. h5 Kb6 46. Bd4+ Kc7 47. g4 Ba4 48. Bc4 Kd8 49. e5 1-0

[Event "GER-ch 66th"]
[Site "Binz"]
[Date "1994.??.??"]
[Round "7"]
[White "Luther, Thomas"]
[Black "Martynov, Pavel"]
[Result "0-1"]
[WhiteElo "2510"]
[BlackElo "2410"]
[EventDate "1994.11.??"]
[PlyCount "72"]

1. e4 e5 2. Nf3 Nc6 3. Bb5 Nf6 4. O-O Nxe4 5. d4 Nd6 6. Bxc6 dxc6 7. dxe5 Nf5 8. Qxd8+ Kxd8 9. Nc3 h6 10. Rd1+ Ke8 11. Ne2 Bc5 12. Nf4 Be6 13. b3 Rd8 14. Bb2 Bd5 15. Ne1 Be6 16. Nh5 Rg8 17. h3 Bd4 18. Bxd4 Nxd4 19. g4 Ke7 20. f3 c5 21. Kf2 c4 22. f4 g6 23. Nf6 Rh8 24. Ke3 Nc6 25. Ke4 h5 26. f5 Bc8 27. Rxd8 Rxd8 28. Nd5+ Kf8 29. bxc4 Na5 30. fxg6 hxg4 31. hxg4 Nxc4 32. Nf3 b5 33. Rh1 Kg7 34. gxf7 Bb7 35. Rd1 Nb6 36. Kf5 Nxd5 0-1

[Event "GER-ch 66th"]
[Site "Binz"]
[Date "1994.??.??"]
[Round "7"]
[White "Movsziszian, Karen"]
[Black "Krajina, Davor"]
[Result "1-0"]
[WhiteElo "2525"]
[BlackElo "2270"]
[EventDate "1994.11.??"]
[PlyCount "47"]

1. d4 d5 2. Nf3 Nc6 3. g3 Bg4 4. Bg2 e6 5. O-O Nf6 6. c4 dxc4 7. Qa4 Be7 8. Ne5 O-O 9. Bxc6 bxc6 10. Nxc6 Qd7 11. Nxe7+ Qxe7 12. Qxc4 Rab8 13. f3 Bh3 14. Rd1 Rb4 15. Qc5 Qxc5 16. dxc5 Rc4 17. b3 Rc2 18. Kf2 e5 19. Be3 c6 20. Na3 Rc3 21. Bd2 Rxc5 22. Bb4 Rd5 23. Bxf8 Kxf8 24. e4 1-0

[Event "GER-ch 66th"]
[Site "Binz"]
[Date "1994.??.??"]
[Round "7"]
[White "Riegler, Dieter"]
[Black "Reis, Gerhard"]
[Result "1-0"]
[WhiteElo "2220"]
[BlackElo "2245"]
[EventDate "1994.11.??"]
[PlyCount "81"]

1. d4 Nf6 2. c4 g6 3. Nc3 Bg7 4. e4 d6 5. f4 O-O 6. Nf3 c5 7. d5 e6 8. Be2 exd5 9. cxd5 Bg4 10. O-O Nbd7 11. a4 Rb8 12. h3 Bxf3 13. Bxf3 Re8 14. Re1 a6 15. a5 b5 16. axb6 Rxb6 17. Re2 Nh5 18. Qe1 Bd4+ 19. Kh1 Ng7 20. g4 f5 21. exf5 gxf5 22. g5 Nf8 23. Kg2 Qc8 24. h4 Rxe2+ 25. Qxe2 Qe8 26. h5 Rb7 27. Qxe8 Nxe8 28. Rxa6 Bxc3 29. bxc3 Rb1 30. Ba3 Nc7 31. Rxd6 Nb5 32. Bxc5 Nxd6 33. Bxd6 Nd7 34. Be5 Rb2+ 35. Kg3 Rc2 36. Bd4 Kf7 37. d6 Ke6 38. g6 hxg6 39. hxg6 Rb2 40. c4 Rb8 41. Bd5+ 1-0

[Event "GER-ch 66th"]
[Site "Binz"]
[Date "1994.??.??"]
[Round "7"]
[White "Schulz, Karsten"]
[Black "Von Buelow, Georg"]
[Result "1-0"]
[WhiteElo "2330"]
[BlackElo "2355"]
[EventDate "1994.11.??"]
[PlyCount "81"]

1. Nf3 c5 2. g3 Nc6 3. Bg2 g6 4. c4 Bg7 5. Nc3 e6 6. Rb1 Nge7 7. a3 d5 8. cxd5 Nxd5 9. O-O Nxc3 10. bxc3 O-O 11. Qa4 Qc7 12. d4 cxd4 13. cxd4 Bd7 14. Bf4 Qa5 15. Qxa5 Nxa5 16. Ne5 Bxe5 17. Bxe5 Bc6 18. Bxc6 Nxc6 19. Rxb7 Nxe5 20. dxe5 Rfb8 21. Rfb1 Rxb7 22. Rxb7 a5 23. a4 g5 24. Kg2 h5 25. Rc7 Kg7 26. h3 Kg6 27. Kf3 Ra6 28. Rc5 Kf5 29. g4+ hxg4+ 30. hxg4+ Kg6 31. Ke4 Ra8 32. e3 Kg7 33. f4 Kg6 34. f5+ exf5+ 35. gxf5+ Kg7 36. Rc7 Kg8 37. Kf3 Rb8 38. Kg4 Rb4+ 39. Kxg5 Rxa4 40. Kf6 Re4 41. Rxf7 1-0

[Event "GER-ch 66th"]
[Site "Binz"]
[Date "1994.??.??"]
[Round "7"]
[White "Stern, Rene"]
[Black "Reefschlaeger, Helmut"]
[Result "1/2-1/2"]
[WhiteElo "2370"]
[BlackElo "2370"]
[EventDate "1994.11.??"]
[PlyCount "45"]

1. c4 f5 2. Nc3 Nf6 3. Nf3 g6 4. g3 d6 5. d4 Bg7 6. Bg2 O-O 7. O-O Nc6 8. Qc2 e5 9. dxe5 Nxe5 10. b3 Nf7 11. Bb2 c6 12. Rad1 Qe7 13. Rfe1 Nh5 14. e3 Bd7 15. Ne2 Bxb2 16. Qxb2 Rad8 17. Qd4 c5 18. Qb2 Bc6 19. Nc3 Nf6 20. Re2 Rfe8 21. Qc2 d5 22. cxd5 Nxd5 23. Nxd5 1/2-1/2

[Event "GER-ch 66th"]
[Site "Binz"]
[Date "1994.??.??"]
[Round "7"]
[White "Zach, Andreas"]
[Black "Menacher, Manfred"]
[Result "1-0"]
[WhiteElo "2230"]
[BlackElo "2320"]
[EventDate "1994.11.??"]
[PlyCount "69"]

1. e4 c5 2. Nf3 Nc6 3. c3 d5 4. d3 g6 5. Nbd2 Bg7 6. Be2 Nf6 7. O-O O-O 8. Re1 e5 9. a3 a5 10. b3 b6 11. Bb2 Ne8 12. Bf1 Kh8 13. exd5 Qxd5 14. Nc4 Rb8 15. Ncxe5 Nxe5 16. Nxe5 Nc7 17. d4 cxd4 18. Bc4 Qd6 19. cxd4 Nd5 20. a4 Be6 21. Qf3 Rbc8 22. Ba3 Nb4 23. Rad1 Qc7 24. Rc1 Qb8 25. Bxe6 fxe6 26. Qh3 Rxc1 27. Nxg6+ Kg8 28. Ne7+ Kh8 29. Rxc1 Qe8 30. Bxb4 axb4 31. Nc6 Qf7 32. Rf1 Kg8 33. Ne5 Qc7 34. Qxe6+ Kh8 35. h3 1-0

[Event "GER-ch 66th"]
[Site "Binz"]
[Date "1994.??.??"]
[Round "8"]
[White "Bangiev, Alexander J"]
[Black "Bezold, Michael"]
[Result "1/2-1/2"]
[WhiteElo "2385"]
[BlackElo "2475"]
[EventDate "1994.11.??"]
[PlyCount "30"]

1. e4 d6 2. f4 g6 3. Nf3 Bg7 4. Nc3 Nf6 5. d4 c5 6. Bb5+ Bd7 7. e5 Ng4 8. Bxd7+ Qxd7 9. d5 dxe5 10. h3 e4 11. Nxe4 Nf6 12. Nxf6+ Bxf6 13. O-O O-O 14. Be3 Na6 15. Ne5 Qc7 1/2-1/2

[Event "GER-ch 66th"]
[Site "Binz"]
[Date "1994.??.??"]
[Round "8"]
[White "Kersten, Uwe"]
[Black "Dittmar, Peter"]
[Result "0-1"]
[WhiteElo "2345"]
[BlackElo "2285"]
[EventDate "1994.11.??"]
[PlyCount "80"]

1. e4 e6 2. d4 d5 3. e5 c5 4. c3 Ne7 5. Nf3 Nec6 6. Nbd2 Nd7 7. Bd3 Qb6 8. O-O g6 9. dxc5 Qc7 10. b4 Bg7 11. Nd4 Qxe5 12. N2f3 Qb8 13. Bg5 e5 14. Bb5 Qc7 15. Nc2 h6 16. Bh4 g5 17. Bg3 f5 18. Nfd4 Ndb8 19. Bd3 O-O 20. Nb5 Qe7 21. f3 Be6 22. Re1 a6 23. Nd6 e4 24. fxe4 dxe4 25. Nxe4 fxe4 26. Bd6 Qd7 27. Rxe4 Re8 28. Qe2 Bf7 29. Re1 Rd8 30. Qf1 Bg6 31. Bc4+ Kh8 32. Re7 Nxe7 33. Rxe7 Qf5 34. Qe1 Nc6 35. Ne3 Qb1 36. Qxb1 Bxb1 37. Rxb7 Bxc3 38. Ng4 Bg7 39. Bd5 Rac8 40. a4 Bf5 0-1

[Event "GER-ch 66th"]
[Site "Binz"]
[Date "1994.??.??"]
[Round "8"]
[White "Krajina, Davor"]
[Black "Schumacher, Olaf"]
[Result "1-0"]
[WhiteElo "2270"]
[BlackElo "2285"]
[EventDate "1994.11.??"]
[PlyCount "115"]

1. e4 e5 2. Nf3 Nf6 3. Nc3 Nc6 4. d4 Bb4 5. Nxe5 Nxe4 6. Qf3 Nd6 7. Bd3 Qh4 8. O-O Nxd4 9. Qe3 Ne6 10. Nf3 Qh5 11. Be2 O-O 12. Ne5 Qh4 13. Bg4 f5 14. g3 Qd8 15. Bf3 Bc5 16. Qd3 Kh8 17. Nd5 Nf7 18. Nxf7+ Rxf7 19. b4 Bf8 20. Bb2 c6 21. Bh5 Qe8 22. Ne3 d5 23. Bxf7 Qxf7 24. Qxf5 Qxf5 25. Nxf5 Ng5 26. g4 Bxb4 27. Bxg7+ Kg8 28. Bh6 Nf3+ 29. Kg2 Bxf5 30. gxf5 Nh4+ 31. Kh3 Nxf5 32. Rg1+ Kf7 33. Rab1 a5 34. Bf4 b5 35. Be5 Bc5 36. Rg5 Ke6 37. f4 d4 38. Rd1 Rf8 39. Bg7 Rf7 40. Re1+ Kd6 41. Be5+ Kd7 42. c3 dxc3 43. Bxc3 b4 44. Bd2 Bb6 45. Kg4 Nh6+ 46. Kf3 Nf5 47. Re5 Nd6 48. Be3 Bc7 49. Bc5 Nb5 50. Ref5 Rxf5 51. Rxf5 Ke6 52. Rh5 Nc3 53. Rxh7 Bd8 54. Rh6+ Kf7 55. Kg4 Nxa2 56. Kf5 Nc3 57. Rh7+ Kg8 58. Rb7 1-0

[Event "GER-ch 66th"]
[Site "Binz"]
[Date "1994.??.??"]
[Round "8"]
[White "Lagunow, Alexander"]
[Black "Stern, Rene"]
[Result "1/2-1/2"]
[WhiteElo "2405"]
[BlackElo "2370"]
[EventDate "1994.11.??"]
[PlyCount "147"]

1. e4 e5 2. Nf3 Nc6 3. Bb5 a6 4. Ba4 Nf6 5. O-O Be7 6. Re1 b5 7. Bb3 d6 8. c3 O-O 9. d3 Bb7 10. Nbd2 g6 11. Nf1 Nh5 12. Ne3 Na5 13. Bc2 Bf6 14. d4 Bg7 15. d5 c6 16. a4 Nf6 17. axb5 axb5 18. b4 Nc4 19. Rxa8 Qxa8 20. Nxc4 bxc4 21. dxc6 Bxc6 22. Qe2 d5 23. exd5 Bxd5 24. Bg5 Bxf3 25. Qxf3 Qxf3 26. gxf3 Nd5 27. Bd2 Rd8 28. Rd1 Nb6 29. Kf1 f5 30. Bg5 Rxd1+ 31. Bxd1 Kf7 32. Bd8 Nd5 33. Be2 Ke8 34. Ba5 Nxc3 35. Bxc4 e4 36. f4 Bd4 37. b5 Na4 38. Ke2 Nb6 39. Bb3 Ke7 40. Bb4+ Kf6 41. h4 Nd7 42. Bd2 Bb6 43. Be3 Bc7 44. Bd4+ Ke7 45. Ke3 Nf6 46. f3 exf3 47. Kxf3 Nd7 48. Ba2 Ba5 49. Bd5 Be1 50. h5 gxh5 51. Bg8 h6 52. Bh7 Ke6 53. b6 Ba5 54. b7 Bc7 55. Bg6 h4 56. Be8 Nb8 57. Bb5 Kd5 58. Bg1 h3 59. Ba4 Na6 60. Bd7 Nc5 61. Bxf5 h2 62. Bxh2 Kd6 63. Bg1 Nxb7 64. Bd4 Ke7 65. Bg7 Nd6 66. Bg6 Nf7 67. Kg4 Bd6 68. Kf5 Bb8 69. Bf6+ Kf8 70. Ke6 Bxf4 71. Bxf7 Bg5 72. Be5 Bh4 73. Bh5 Bg5 74. Bd6+ 1/2-1/2

[Event "GER-ch 66th"]
[Site "Binz"]
[Date "1994.??.??"]
[Round "8"]
[White "Luther, Thomas"]
[Black "Lau, Ralf"]
[Result "1/2-1/2"]
[WhiteElo "2510"]
[BlackElo "2515"]
[EventDate "1994.11.??"]
[PlyCount "49"]

1. e4 d5 2. exd5 Qxd5 3. Nc3 Qa5 4. Nf3 Nf6 5. Be2 c6 6. O-O g6 7. Re1 Bg7 8. Bf1 Qc7 9. Qe2 e6 10. d4 O-O 11. Bg5 h6 12. Bh4 Nbd7 13. Rad1 Qb6 14. b3 Qa5 15. Ne4 Nxe4 16. Qxe4 c5 17. dxc5 Nxc5 18. Qc4 Nd7 19. Be7 Re8 20. Bb4 Qxa2 21. Qc7 a6 22. Nd2 Nf6 23. Ne4 Nxe4 24. Rxe4 e5 25. Bc4 1/2-1/2

[Event "GER-ch 66th"]
[Site "Binz"]
[Date "1994.??.??"]
[Round "8"]
[White "Machelett, Heiko"]
[Black "Knuth, Hannes"]
[Result "1/2-1/2"]
[WhiteElo "2240"]
[BlackElo "2350"]
[EventDate "1994.11.??"]
[PlyCount "116"]

1. d4 Nf6 2. Nf3 g6 3. Bg5 Bg7 4. c3 c5 5. Nbd2 cxd4 6. cxd4 d5 7. e3 O-O 8. Bd3 Nc6 9. O-O Be6 10. Nb3 Nd7 11. Rc1 f6 12. Bh4 Bf7 13. Qe2 Rc8 14. Bb5 Qb6 15. Bxc6 Rxc6 16. Rxc6 bxc6 17. Rc1 e5 18. Qc2 Rc8 19. Qc3 e4 20. Nfd2 g5 21. Bg3 Bf8 22. Nc5 Nxc5 23. dxc5 Qd8 24. Nb3 h5 25. h4 Bg7 26. hxg5 d4 27. Qxd4 Qxd4 28. Nxd4 fxg5 29. Nf5 Bxb2 30. Rb1 Bf6 31. Nd6 Rd8 32. Nxe4 Bg6 33. Nxf6+ Kf7 34. Rb7+ Kxf6 35. Bd6 Ra8 36. Rc7 Be8 37. a4 a5 38. g3 g4 39. Rb7 Bg6 40. Rb6 Be4 41. Kf1 Ke6 42. Ke2 Kd5 43. Kd2 Ra7 44. Rb8 Rf7 45. Kc3 Rxf2 46. Re8 Rf5 47. Ra8 Rf3 48. Bf4 Kxc5 49. Rxa5+ Kb6 50. Rxh5 Rf1 51. Kd4 Bf3 52. Rh8 Rd1+ 53. Kc3 Rc1+ 54. Kb2 Rc4 55. Ka3 Bd5 56. Rb8+ Ka7 57. Rb4 Rc2 58. Rb2 Rc3+ 1/2-1/2

[Event "GER-ch 66th"]
[Site "Binz"]
[Date "1994.??.??"]
[Round "8"]
[White "Martynov, Pavel"]
[Black "Enders, Peter"]
[Result "0-1"]
[WhiteElo "2410"]
[BlackElo "2450"]
[EventDate "1994.11.??"]
[PlyCount "66"]

1. d4 Nf6 2. Nf3 e6 3. Bg5 b6 4. e4 h6 5. Bxf6 Qxf6 6. Bd3 Bb7 7. Nbd2 Nc6 8. c3 g5 9. e5 Qg7 10. Ne4 O-O-O 11. Nfd2 Be7 12. b4 Kb8 13. b5 Nxe5 14. dxe5 Qxe5 15. Nf3 Qg7 16. O-O f5 17. Ned2 Qxc3 18. Nc4 g4 19. Rc1 Qg7 20. Nfd2 d5 21. Ne3 Bd6 22. Re1 h5 23. Nc2 Qf6 24. a3 h4 25. Qe2 e5 26. Nb4 Bxb4 27. axb4 e4 28. Bb1 f4 29. Nb3 g3 30. Rc6 gxh2+ 31. Kh1 Qg7 32. f3 h3 33. Qf1 Qxg2+ 0-1

[Event "GER-ch 66th"]
[Site "Binz"]
[Date "1994.??.??"]
[Round "8"]
[White "Movsziszian, Karen"]
[Black "Hermann, Manfred"]
[Result "1/2-1/2"]
[WhiteElo "2525"]
[BlackElo "2405"]
[EventDate "1994.11.??"]
[PlyCount "33"]

1. e4 e5 2. Nf3 Nc6 3. Bb5 f5 4. Qe2 fxe4 5. Bxc6 dxc6 6. Qxe4 Bd6 7. Nxe5 Qe7 8. d4 Nf6 9. Qe2 O-O 10. O-O Bf5 11. Bf4 Rae8 12. Nd2 Nd5 13. Bg3 Bxc2 14. Ne4 Bxe4 15. Qxe4 Qe6 16. Rfe1 Nf6 17. Qc2 1/2-1/2

[Event "GER-ch 66th"]
[Site "Binz"]
[Date "1994.??.??"]
[Round "8"]
[White "Proehl, Holger"]
[Black "Oswald, Hans Joachim"]
[Result "1/2-1/2"]
[WhiteElo "2285"]
[BlackElo "2335"]
[EventDate "1994.11.??"]
[PlyCount "36"]

1. e4 d5 2. exd5 Nf6 3. d4 Nxd5 4. Nf3 g6 5. Be2 Bg7 6. O-O O-O 7. h3 Nc6 8. c3 e5 9. dxe5 Nxe5 10. Nxe5 Bxe5 11. Bf3 Nf4 12. Qxd8 Rxd8 13. Na3 c6 14. Be3 Be6 15. Rfe1 Nd3 16. Re2 Nf4 17. Ree1 Nd3 18. Re2 Nf4 1/2-1/2